Les implantations etrangeres en France : Strategies et structures
Saved in:
| Main Author: | |
|---|---|
| Format: | Book |
| Language: | Undetermined |
| Published: |
Paris
Calmann- Levy
1976
|
| Subjects: | |
| Tags: |
Add Tag
No Tags, Be the first to tag this record!
|
| Institutions: | Trung tâm Học liệu Trường Đại học Cần Thơ |
|---|
| LEADER | 00583nam a2200205Ia 4500 | ||
|---|---|---|---|
| 001 | CTU_82337 | ||
| 008 | 210402s9999 xx 000 0 und d | ||
| 082 | |a 332.6 | ||
| 082 | |b D338 | ||
| 100 | |a Delapierre, Michel | ||
| 245 | 0 | |a Les implantations etrangeres en France : | |
| 245 | 0 | |b Strategies et structures | |
| 245 | 0 | |c Michel Delapierre, Charles-Albert Michalet | |
| 260 | |a Paris | ||
| 260 | |b Calmann- Levy | ||
| 260 | |c 1976 | ||
| 650 | |a Investments, foreign | ||
| 650 | |z France | ||
| 904 | |i Trọng Hải | ||
| 980 | |a Trung tâm Học liệu Trường Đại học Cần Thơ | ||